| 000 | 00538nam a2200217Ia 4500 | ||
|---|---|---|---|
| 008 | 210210b2006 xxu||||| |||| 00| 0 eng d | ||
| 020 | _a81 86771 54 9 | ||
| 082 | _a362.293 PATT | ||
| 100 | _aPATHAK (S N) and Others. | ||
| 245 | _aTreatment and rehabilitation of drug addicts. | ||
| 260 |
_aN D _bSerials Publications _c2006 |
||
| 300 | _aii,105 | ||
| 650 | _aTreatment | ||
| 650 | _arehabilitation | ||
| 650 | _aof | ||
| 650 | _adrug | ||
| 650 | _aand | ||
| 650 | _aaddicts. | ||
| 690 | _aSocial Welfare | ||
| 906 | _a060912 | ||
| 999 |
_c108010 _d108010 |
||